| 000 | 00806nam a2200277Ia 4500 | ||
|---|---|---|---|
| 003 | OSt | ||
| 005 | 20220926011221.0 | ||
| 006 | a|||||r|||| 00| 0 | ||
| 007 | ta | ||
| 008 | 220923b |||||||| |||| 00| 0 eng d | ||
| 020 | _a013491399X | ||
| 037 | _cGeneral Book | ||
| 040 |
_aRTL _cRTL _beng |
||
| 041 |
_2eng _aeng |
||
| 082 | _aY9(W), L8;M3 | ||
| 100 |
_aOrum Anthony M _9120364 |
||
| 245 | 0 |
_aIntroduction to Political Sociology _b The Social Anatomy of the Body Politic |
|
| 250 | _a2 | ||
| 260 |
_aNew Jersey _bPrentice-Hall _c1983 |
||
| 300 |
_axi, 355p _ccm. |
||
| 490 | _aPrentice-Hall Sociology Series | ||
| 500 | _aBibliography: P 343-48 | ||
| 650 | _aPolitical Sociology | ||
| 942 |
_hY9(W), L8;M3 _cGB _2CC |
||
| 999 |
_c619411 _d619411 |
||